000 00939cab a2200253 4500
001 ABS59191
008 090401t1998 xxu||||| |||| 00| 0 eng d
035 _a(Sirsi) u87925
041 _aeng
100 _aCrabb, L.
245 4 _aThe Commonhold Association - As you like it
260 _c1998
350 _a0
490 _aThe Conveyancer
_v(62) July/August 1998, 283-302(20)
520 _aReviews the case for commonhold tenure and examines key provisions relating to the commonhold association, creditors and insolvency. To assess whether the commonhold association regime yields real gains to owners of horizontally divided property.
650 _aCOMMONHOLD ASSOCIATIONS
650 _aFREEHOLD COMPANIES
650 _aInsolvency
_96247
650 _aLEASEHOLD REFORM, HOUSING AND URBAN DEVELOPMENT ACT 1993
650 _aTENURE
690 _aLANDLORD AND TENANT-LEASEHOLD REFORM
942 _n0
948 _c10/08/1998
999 _c55487
_d55487